00690cam a22002052 4500001001100000005001700011008004100028020001700069040001500086050002000101100003500121245006800156250001200224260006100236300003500297504005100332650004000383650002900423700003200452000000258420151217154334.0070416s xx 000 0 eng d a003018682X : aKABUcKABU 0aP106b.F76 19981 aFromkin, Victoria.@000015199213aAn Introduction to language /cVictoria Fromkin, Robert Rodman. a6th ed. aFort Worth :bHarcourt Brace College Publishers,cc1998. axvii, 566 p. :bill. ;c24 cm. aIncludes bibliographical references and index. 0aLanguage and languages.@0000045927 0aLinguistics.@00001519931 aRodman, Robert.@0000151994